000 01902nam a22001817a 4500
005 20260423080044.0
008 260423b |||||||| |||| 00| 0 eng d
020 _a9788198067081 (paperback)
082 _a923.1 SIN
100 _aSingh, Jaipal.
245 _aLo Bir Sendra :
_ba hunter in the burning forest /
_cJaipal Singh.
260 _aNew Delhi;
_bNavayana Publishing Pvt. Ltd. ,
_c2025.
300 _a184 pages;
_c20 cm.
365 _bRs. 399.00
505 _aTimeline - A Note on this Edition - Foreword Jayant Jaipal Singh - Introduction Stan Swamy - Home Sweet Home - I Go West - At Oxford and Elsewhere - Indian Olympic Hockey Captain - A Boxwallah - At Achimota College - At Raipur - Minister in Bikaner - In and With Adivasidom - A Poor Labour Leader - As an Editor - Marriage by Capture - Lo Bir Sendra - Era Sendra: Women Go Hunting - In Delhi Sports - Goa to Constanza via Mombasa - To Europe and North America - 1 am proud to be a Jungli" - Works cited.
520 _aJaipal Singh was born in 1903 to a family of priestly Pahans in Jharkhand. He becomes the first Adivasi to study at Oxford University. A sports star, he quits the ICS to captain the Indian hockey team to an Olympic gold in 1928, another first. His globetrotting life brings him a string of cushy jobs. But he is troubled by the condition of the Adivasis. He begins fighting for their rights. He runs newspapers, unions and political parties. To resist the plunder of his homeland, he joins the Adivasi Mahasabha and launches the struggle for Jharkhandi statehood. Jaipal Singh represents Adivasis in the Constituent Assembly, and remains a member of parliament till his death in 1970. Written on a sea voyage to England in 1969, Lo Bir Sendra was lost to time. In resurrecting this story, we can once more celebrate the man fondly called Marang Gomke, the Big Chief.
942 _2ddc
_cBK
999 _c217944
_d217944